Normal view
MARC view
- Farbar, Bernard
Entry Personal Name
001 - CONTROL NUMBER
- control field: 153658
003 - CONTROL NUMBER IDENTIFIER
- control field: TR-AnTOB
005 - DATE AND TIME OF LATEST TRANSACTION
- control field: 20260414143349.0
008 - FIXED-LENGTH DATA ELEMENTS
- fixed length control field: 060328n| acannaabn za aaa d
010 ## - LIBRARY OF CONGRESS CONTROL NUMBER
- LC control number: nr2006008503
035 ## - SYSTEM CONTROL NUMBER
- System control number: (OCoLC)oca06907128
040 ## - CATALOGING SOURCE
- Original cataloging agency: CSmH
- Language of cataloging: eng
- Description conventions: rda
- Transcribing agency: CSmH
- Modifying agency: IlMchBWI
- Modifying agency: TR-AnTOB
100 1# - HEADING--PERSONAL NAME
- Personal name: Farbar, Bernard
400 1# - SEE FROM TRACING--PERSONAL NAME
- Personal name: Farbar, Buzz
400 1# - SEE FROM TRACING--PERSONAL NAME
- Personal name: Farber, Buzz
670 ## - SOURCE DATA FOUND
- Source citation: Nelson Algren's own book of lonesome monsters, 1962:
- Information found: contents (Bernard Farbar)
670 ## - SOURCE DATA FOUND
- Source citation: Maidstone and other films by Norman Mailer [VR], 2012:
- Information found: container (Buzz Farbar; producer; cast)
670 ## - SOURCE DATA FOUND
- Source citation: IMDb, Aug. 24, 2012:
- Information found: (Buzz Farber; actor; producer)
670 ## - SOURCE DATA FOUND
- Source citation: People.com, Aug. 24, 2012:
- Information found: Crime and Puzzlement, the real-life mystery behind Norman Mailer (Bernard "Buzz" Farbar; a Dartmouth-educated magazine and book editor)
675 ## - SOURCE DATA NOT FOUND
- Source citation: Cont. authors
688 ## - APPLICATION HISTORY NOTE
- Institution to which field applies: TR-AnTOB
- Application history note: GU 14.04.2026



